| 000 | 00410nam a2200133Ia 4500 | ||
|---|---|---|---|
| 008 | 240703s9999 xx 000 0 und d | ||
| 041 | _aeng | ||
| 100 | _aVan Biljon, Peet | ||
| 245 | _aInnovation For Value And Mission An Introduction To Innovation Management And Policy Innovation For Value And Mission | ||
| 260 |
_bDe Gruyter _c2022 |
||
| 365 |
_c _b 3,313.26 |
||
| 906 | _b33 | ||
| 999 |
_c40852 _d40852 |
||